000
00302nam a22001337a 4500
008
181010b xxu||||| |||| 00| 0 eng d
020
_a
0155436775
041
_a
eng
080
_2
8th
_a
159.9
100
_a
48
101
_a
PSI
245
_a
Introduction to Psychology
_c
Atkinson,R,L
942
_2
udc
_c
BK
999
_c
49256
_d
49256